[Event "C10"]
[Site "?"]
[Date "2020.08.30"]
[Round "13.4"]
[White "Zmarzly, Wiktor"]
[Black "Kaszuba, Michal"]
[Result "1-0"]
[BlackElo "1167"]
[WhiteElo "1253"]
[LiveChessVersion "1.4.8"]

1. c4 e6 2. Nc3 b6 3. e4 Bb7 4. g3 Bb4 5. Bg2 Nf6 6. d3 d5 7. e5 Nfd7 8. d4 O-O
9. Nge2 c5 10. a3 Bxc3+ 11. Nxc3 Nc6 12. cxd5 exd5 13. dxc5 Ncxe5 14. cxb6 Nxb6
15. O-O Qd7 16. Bf4 Ng6 17. Be3 Rad8 18. Bd4 Nc4 19. b3 Nb6 20. Re1 Rfe8 21. Qd2
Rxe1+ 22. Rxe1 Re8 23. Rxe8+ Qxe8 24. Bxb6 axb6 25. Nxd5 Bxd5 26. Bxd5 h6 27. Bc4
Qe7 28. Qe3 Qxa3 29. Qxb6 Qc1+ 30. Kg2 Qc3 31. Qd8+ Kh7 32. Qd3 Qf6 33. b4 Kh8
34. b5 Ne5 35. Qd5 Kh7 36. Bd3+ Nxd3 37. Qxd3+ g6 38. Qe3 Kg7 39. b6 Qd6 40. b7
Qb8 41. Qe4 Kh7 42. Qd5 Kg7 43. Qc6 Kh7 44. Qc8 Qd6 45. b8=Q Qd5+ 46. f3 Qa2+ 47.
Kh3 Kg7 48. Qh8# Qd5 1-0

[Event "C10"]
[Site "?"]
[Date "2020.08.30"]
[Round "13.5"]
[White "Wojtacha, Krzysztof"]
[Black "Butkiewicz, Jan"]
[Result "1-0"]
[BlackElo "1300"]
[WhiteElo "1445"]
[LiveChessVersion "1.4.8"]

1. e4 {[%clk 0:03:03]} c5 {[%clk 0:03:04]} 2. Nf3 {[%clk 0:03:04]} Nc6
{[%clk 0:03:05]} 3. Bb5 {[%clk 0:03:05]} e6 {[%clk 0:02:59]} 4. Bxc6
{[%clk 0:03:06]} bxc6 {[%clk 0:03:00]} 5. Nc3 {[%clk 0:03:05]} d5
{[%clk 0:03:00]} 6. e5 {[%clk 0:03:03]} c4 {[%clk 0:02:57]} 7. d3
{[%clk 0:02:44]} cxd3 {[%clk 0:02:55]} 8. cxd3 {[%clk 0:02:43]} Qc7
{[%clk 0:02:36]} 9. d4 {[%clk 0:02:36]} Ba6 {[%clk 0:02:27]} 10. Qa4
{[%clk 0:02:27]} Qb7 {[%clk 0:02:01]} 11. Qc2 {[%clk 0:01:29]} Bb4
{[%clk 0:01:50]} 12. Bd2 {[%clk 0:01:29]} Ne7 {[%clk 0:01:31]} 13. Na4
{[%clk 0:01:22]} Qb5 {[%clk 0:01:25]} 14. Nc3 {[%clk 0:00:53]} Bxc3
{[%clk 0:01:19]} 15. Bxc3 {[%clk 0:00:50]} Nf5 {[%clk 0:01:07]} 16. g4
{[%clk 0:00:43]} Nh6 {[%clk 0:00:52]} 17. h3 {[%clk 0:00:42]} Ng8
{[%clk 0:00:38]} 18. O-O-O {[%clk 0:00:28]} Ne7 {[%clk 0:00:35]} 19. Rhe1
{[%clk 0:00:20]} Rc8 {[%clk 0:00:25]} 20. Kb1 {[%clk 0:00:18]} c5
{[%clk 0:00:23]} 21. dxc5 {[%clk 0:00:11]} Rxc5 {[%clk 0:00:23]} 22. Nd4
{[%clk 0:00:08]} Qb7 {[%clk 0:00:22]} 23. Ka1 {[%clk 0:00:07]} O-O
{[%clk 0:00:14]} 24. Qb3 {[%clk 0:00:08]} Qxb3 {[%clk 0:00:11]} 25. Nxb3
{[%clk 0:00:09]} Rc7 {[%clk 0:00:08]} 26. Bb4 {[%clk 0:00:09]} Rfc8
{[%clk 0:00:04]} 27. Bxe7 {[%clk 0:00:08]} Rxe7 {[%clk 0:00:05]} 28. Rc1
{[%clk 0:00:06]} Rec7 {[%clk 0:00:06]} 29. Rxc7 {[%clk 0:00:05]} Rxc7 30. Rc1
{[%clk 0:00:05]} Rxc1+ {[%clk 0:00:06]} 31. Nxc1 {[%clk 0:00:06]} Kf8
{[%clk 0:00:07]} 32. b4 {[%clk 0:00:05]} Bf1 {[%clk 0:00:07]} 33. h4
{[%clk 0:00:05]} h6 {[%clk 0:00:08]} 34. Kb2 {[%clk 0:00:05]} Bh3
{[%clk 0:00:08]} 35. g5 {[%clk 0:00:05]} hxg5 {[%clk 0:00:08]} 36. hxg5
{[%clk 0:00:06]} Ke7 {[%clk 0:00:09]} 37. f4 {[%clk 0:00:07]} f6 {[%clk 0:00:08]}
38. gxf6+ {[%clk 0:00:05]} gxf6 {[%clk 0:00:09]} 39. Nd3 fxe5 {[%clk 0:00:10]}
40. Nxe5 {[%clk 0:00:03]} Bf5 {[%clk 0:00:09]} 41. Nc6+ {[%clk 0:00:04]} Kd6
{[%clk 0:00:10]} 42. Nxa7 {[%clk 0:00:05]} Kc7 {[%clk 0:00:10]} 43. Nb5+
{[%clk 0:00:06]} Kb6 {[%clk 0:00:10]} 44. Nd4 {[%clk 0:00:07]} Bh3
{[%clk 0:00:09]} 45. Kc3 {[%clk 0:00:08]} Bg4 {[%clk 0:00:08]} 46. a4
{[%clk 0:00:08]} Bf5 {[%clk 0:00:04]} 47. Nxf5 {[%clk 0:00:09]} exf5
{[%clk 0:00:05]} 48. Kd4 {[%clk 0:00:10]} 1-0

[Event "C10"]
[Site "?"]
[Date "2020.08.30"]
[Round "13.6"]
[White "Durzynski, Jan"]
[Black "Wesolowski, Jeremi"]
[Result "1-0"]
[BlackElo "1364"]
[WhiteElo "1237"]
[LiveChessVersion "1.4.8"]

1. d4 {[%clk 0:03:03]} d5 {[%clk 0:03:04]} 2. c4 {[%clk 0:03:04]} c6
{[%clk 0:03:05]} 3. Nc3 {[%clk 0:03:05]} Nf6 {[%clk 0:03:06]} 4. Bg5
{[%clk 0:03:05]} dxc4 {[%clk 0:03:01]} 5. e4 {[%clk 0:03:04]} b5 {[%clk 0:03:01]}
6. a4 {[%clk 0:03:05]} b4 {[%clk 0:03:03]} 7. Na2 {[%clk 0:03:03]} Nxe4
{[%clk 0:03:02]} 8. Be3 {[%clk 0:03:03]} e6 {[%clk 0:03:02]} 9. Bxc4
{[%clk 0:03:00]} Qa5 {[%clk 0:02:50]} 10. b3 {[%clk 0:03:01]} Ba6
{[%clk 0:02:35]} 11. Bxa6 {[%clk 0:02:58]} Nxa6 {[%clk 0:02:36]} 12. Nf3
{[%clk 0:02:58]} Bd6 {[%clk 0:02:26]} 13. O-O {[%clk 0:02:49]} O-O 14. Qd3
{[%clk 0:02:47]} f5 {[%clk 0:02:21]} 15. Rac1 {[%clk 0:02:38]} Rac8
{[%clk 0:02:18]} 16. Qc4 {[%clk 0:02:34]} Rfe8 {[%clk 0:02:13]} 17. Nd2
{[%clk 0:02:23]} Nf6 {[%clk 0:02:06]} 18. Qe2 {[%clk 0:02:12]} f4
{[%clk 0:02:06]} 19. Nc4 {[%clk 0:02:10]} Qc7 {[%clk 0:01:53]} 20. Nxd6
{[%clk 0:02:05]} Qxd6 {[%clk 0:01:54]} 21. Bxf4 {[%clk 0:02:04]} Qxf4
{[%clk 0:01:41]} 22. Qxa6 {[%clk 0:02:05]} Qxd4 {[%clk 0:01:41]} 23. Rxc6
{[%clk 0:01:50]} e5 {[%clk 0:01:19]} 24. Rc4 {[%clk 0:01:40]} Qb2
{[%clk 0:01:20]} 25. Nxb4 {[%clk 0:01:38]} Qxb3 {[%clk 0:01:19]} 26. Rxc8
{[%clk 0:01:38]} Qxb4 {[%clk 0:00:48]} 27. Qe6+ {[%clk 0:01:39]} Kf8
{[%clk 0:00:46]} 28. Rxe8+ {[%clk 0:01:37]} Nxe8 {[%clk 0:00:47]} 29. Qxe5
{[%clk 0:01:35]} Qxa4 {[%clk 0:00:48]} 30. Re1 {[%clk 0:01:35]} a5
{[%clk 0:00:48]} 31. h3 {[%clk 0:01:33]} Qd7 {[%clk 0:00:48]} 32. Qxa5
{[%clk 0:01:30]} Kf7 {[%clk 0:00:47]} 33. Qa2+ {[%clk 0:01:25]} Kg6
{[%clk 0:00:44]} 34. Qe6+ {[%clk 0:01:25]} Qxe6 {[%clk 0:00:41]} 35. Rxe6+
{[%clk 0:01:26]} Nf6 {[%clk 0:00:42]} 36. g4 {[%clk 0:01:25]} Kf7
{[%clk 0:00:43]} 37. Rxf6+ {[%clk 0:01:20]} Kxf6 {[%clk 0:00:16]} 38. f4
{[%clk 0:01:20]} g5 {[%clk 0:00:16]} 39. f5 {[%clk 0:01:21]} Ke5 {[%clk 0:00:11]}
40. Kf2 Kd5 {[%clk 0:00:09]} 41. Ke3 {[%clk 0:01:20]} Ke5 {[%clk 0:00:10]} 42.
Kd3 {[%clk 0:01:21]} Kd5 {[%clk 0:00:12]} 43. Kc3 {[%clk 0:01:22]} Ke5
{[%clk 0:00:10]} 44. Kc4 {[%clk 0:01:23]} h6 {[%clk 0:00:03]} 45. Kc5
{[%clk 0:01:22]} Kf6 {[%clk 0:00:04]} 46. Kd6 {[%clk 0:01:23]} Kf7
{[%clk 0:00:03]} 47. Kd7 {[%clk 0:01:23]} Kf6 {[%clk 0:00:04]} 48. Ke8
{[%clk 0:01:24]} Ke5 {[%clk 0:00:03]} 49. Ke7 {[%clk 0:01:24]} Kf4
{[%clk 0:00:05]} 50. f6 {[%clk 0:01:25]} Kg3 {[%clk 0:00:06]} 51. f7
{[%clk 0:01:26]} Kxh3 {[%clk 0:00:07]} 52. f8=Q Kxg4 {[%clk 0:00:09]} 53. Qxh6
{[%clk 0:01:26]} Kf4 54. Qh2+ Kf3 {[%clk 0:00:10]} 55. Qg1 {[%clk 0:01:26]} g4
{[%clk 0:00:12]} 56. Kf6 {[%clk 0:01:27]} g3 57. Kf5 {[%clk 0:01:28]} g2
{[%clk 0:00:14]} 58. Kg5 {[%clk 0:01:28]} Kg3 {[%clk 0:00:15]} 59. Kf5
{[%clk 0:01:24]} Kf3 {[%clk 0:00:16]} 60. Ke5 {[%clk 0:01:26]} Kg3
{[%clk 0:00:18]} 61. Ke4 {[%clk 0:01:27]} Kh3 {[%clk 0:00:18]} 62. Kf3
{[%clk 0:01:26]} 1-0

[Event "C10"]
[Site "?"]
[Date "2020.08.30"]
[Round "13.7"]
[White "Kudraszow, Filip"]
[Black "Krogulski, Maksymilian"]
[Result "1-0"]
[BlackElo "1289"]
[WhiteElo "1202"]
[LiveChessVersion "1.4.8"]

1. e4 {[%clk 0:03:03]} c5 {[%clk 0:03:04]} 2. Nf3 e6 3. c3 {[%clk 0:03:04]} d5
{[%clk 0:03:05]} 4. exd5 {[%clk 0:03:05]} exd5 {[%clk 0:03:06]} 5. d4
{[%clk 0:03:06]} cxd4 {[%clk 0:03:06]} 6. Nxd4 {[%clk 0:03:06]} Nf6
{[%clk 0:03:07]} 7. Bg5 {[%clk 0:03:04]} Be7 {[%clk 0:03:07]} 8. Bb5+
{[%clk 0:03:01]} Bd7 {[%clk 0:03:05]} 9. Bxd7+ {[%clk 0:03:02]} Qxd7
{[%clk 0:03:05]} 10. O-O {[%clk 0:03:00]} O-O {[%clk 0:03:05]} 11. Nd2
{[%clk 0:02:59]} a6 {[%clk 0:03:04]} 12. N2f3 {[%clk 0:02:59]} Nc6
{[%clk 0:02:59]} 13. Re1 {[%clk 0:02:58]} Rfe8 {[%clk 0:02:51]} 14. Qd2
{[%clk 0:02:49]} Ne4 {[%clk 0:02:46]} 15. Qc1 {[%clk 0:02:45]} Nxd4
{[%clk 0:02:38]} 16. cxd4 {[%clk 0:02:45]} Rac8 {[%clk 0:02:39]} 17. Qf4
{[%clk 0:02:38]} Bxg5 {[%clk 0:02:28]} 18. Nxg5 {[%clk 0:02:38]} Nxg5
{[%clk 0:02:28]} 19. Qxg5 {[%clk 0:02:22]} Rxe1+ {[%clk 0:02:19]} 20. Rxe1
{[%clk 0:02:22]} f6 {[%clk 0:02:16]} 21. Qd2 {[%clk 0:02:22]} Re8
{[%clk 0:02:08]} 22. h3 {[%clk 0:02:22]} Kf7 {[%clk 0:02:08]} 23. Re3
{[%clk 0:02:10]} Re6 {[%clk 0:01:52]} 24. Qe2 {[%clk 0:01:56]} Rc6
{[%clk 0:01:43]} 25. Rc3 {[%clk 0:01:47]} Rxc3 {[%clk 0:01:40]} 26. bxc3
{[%clk 0:01:48]} Qc6 {[%clk 0:01:35]} 27. Qb2 {[%clk 0:01:45]} Ke7
{[%clk 0:01:27]} 28. Qc2 {[%clk 0:01:41]} g6 {[%clk 0:01:24]} 29. Qb2
{[%clk 0:01:39]} Kf7 {[%clk 0:01:25]} 30. Qd2 {[%clk 0:01:40]} Qc7
{[%clk 0:01:22]} 31. Qh6 {[%clk 0:01:26]} Kg8 {[%clk 0:01:20]} 32. Qd2
{[%clk 0:01:12]} Kg7 {[%clk 0:01:17]} 33. Qb2 {[%clk 0:01:12]} Qc6
{[%clk 0:01:16]} 34. Qb4 {[%clk 0:01:12]} Qc7 {[%clk 0:01:12]} 35. g3
{[%clk 0:01:03]} Qd7 {[%clk 0:01:11]} 36. Kg2 {[%clk 0:00:56]} Kf7
{[%clk 0:01:04]} 37. Qc5 {[%clk 0:00:54]} Qc6 {[%clk 0:01:01]} 38. Qxc6
{[%clk 0:00:48]} bxc6 {[%clk 0:01:02]} 39. Kf3 {[%clk 0:00:49]} Ke6
{[%clk 0:01:02]} 40. Ke3 {[%clk 0:00:44]} h5 {[%clk 0:00:42]} 41. f4
{[%clk 0:00:38]} g5 {[%clk 0:00:29]} 42. Kf3 {[%clk 0:00:26]} Kf5
{[%clk 0:00:27]} 43. g4+ {[%clk 0:00:27]} hxg4+ {[%clk 0:00:28]} 44. hxg4+
{[%clk 0:00:28]} Ke6 {[%clk 0:00:28]} 45. f5+ {[%clk 0:00:17]} Kd6
{[%clk 0:00:29]} 46. Ke3 {[%clk 0:00:18]} Kc7 {[%clk 0:00:31]} 47. Kd3
{[%clk 0:00:19]} Kb6 {[%clk 0:00:32]} 48. Kc2 {[%clk 0:00:20]} Ka5
{[%clk 0:00:30]} 49. Kb3 {[%clk 0:00:21]} Kb5 {[%clk 0:00:31]} 50. a3
{[%clk 0:00:21]} a5 {[%clk 0:00:21]} 51. a4+ {[%clk 0:00:22]} Kb6
{[%clk 0:00:22]} 52. c4 {[%clk 0:00:22]} dxc4+ {[%clk 0:00:23]} 53. Kxc4
{[%clk 0:00:23]} Kb7 {[%clk 0:00:21]} 54. Kc5 {[%clk 0:00:24]} Kc7
{[%clk 0:00:21]} 55. d5 {[%clk 0:00:19]} cxd5 {[%clk 0:00:21]} 56. Kxd5
{[%clk 0:00:19]} Kd7 {[%clk 0:00:22]} 57. Kc5 {[%clk 0:00:20]} Kc7
{[%clk 0:00:23]} 58. Kb5 {[%clk 0:00:22]} Kd6 {[%clk 0:00:23]} 59. Kxa5
{[%clk 0:00:23]} Ke5 {[%clk 0:00:25]} 60. Kb6 {[%clk 0:00:23]} Kf4
{[%clk 0:00:26]} 61. a5 {[%clk 0:00:25]} Kxg4 {[%clk 0:00:27]} 62. a6
{[%clk 0:00:26]} Kh3 {[%clk 0:00:27]} 63. a7 {[%clk 0:00:28]} g4 {[%clk 0:00:29]}
64. a8=Q {[%clk 0:00:27]} g3 {[%clk 0:00:29]} 65. Qh1+ {[%clk 0:00:27]} Kg4
{[%clk 0:00:31]} 66. Qg2 {[%clk 0:00:28]} Kxf5 {[%clk 0:00:31]} 67. Qxg3
{[%clk 0:00:29]} Ke6 {[%clk 0:00:32]} 68. Qf4 {[%clk 0:00:30]} f5
{[%clk 0:00:33]} 69. Kc6 {[%clk 0:00:31]} Kf6 {[%clk 0:00:33]} 70. Kd5
{[%clk 0:00:31]} Kg6 {[%clk 0:00:34]} 71. Ke5 {[%clk 0:00:32]} Kf7
{[%clk 0:00:33]} 72. Qxf5+ {[%clk 0:00:33]} Ke7 {[%clk 0:00:35]} 73. Qg6
{[%clk 0:00:33]} Kd7 {[%clk 0:00:36]} 74. Kd5 {[%clk 0:00:34]} Kc7
{[%clk 0:00:37]} 75. Kc5 Kb7 76. Qd6 Ka7 77. Kb5 {[%clk 0:00:36]} Ka8
{[%clk 0:00:42]} 78. Qd7 {[%clk 0:00:37]} Kb8 {[%clk 0:00:43]} 79. Kb6 Ka8
{[%clk 0:00:45]} 80. Qb7# {[%clk 0:00:39]} 1-0

[Event "C10"]
[Site "?"]
[Date "2020.08.30"]
[Round "13.8"]
[White "Grobelny, Mikolaj"]
[Black "Prokopiuk, Jakub"]
[Result "1/2-1/2"]
[BlackElo "1257"]
[WhiteElo "1134"]
[LiveChessVersion "1.4.8"]

1. e4 {[%clk 0:03:04]} c5 {[%clk 0:03:03]} 2. Nf3 {[%clk 0:03:05]} d6
{[%clk 0:03:05]} 3. d4 {[%clk 0:03:06]} cxd4 {[%clk 0:03:06]} 4. Nxd4
{[%clk 0:03:08]} Nf6 {[%clk 0:03:07]} 5. f3 {[%clk 0:03:09]} a6 {[%clk 0:03:06]}
6. c4 {[%clk 0:03:10]} g6 {[%clk 0:03:01]} 7. Nc3 {[%clk 0:03:10]} Bg7
{[%clk 0:03:00]} 8. Be3 {[%clk 0:03:11]} Nbd7 {[%clk 0:02:59]} 9. Qd2
{[%clk 0:03:00]} Qc7 {[%clk 0:02:58]} 10. Be2 {[%clk 0:02:59]} Ne5
{[%clk 0:02:58]} 11. b3 {[%clk 0:02:49]} b5 {[%clk 0:02:49]} 12. cxb5
{[%clk 0:02:28]} axb5 {[%clk 0:02:45]} 13. Bxb5+ {[%clk 0:02:15]} Bd7
{[%clk 0:02:43]} 14. Bxd7+ {[%clk 0:02:06]} Nexd7 {[%clk 0:02:43]} 15. O-O
{[%clk 0:02:03]} O-O {[%clk 0:02:41]} 16. Rfc1 {[%clk 0:01:54]} Qb7
{[%clk 0:02:31]} 17. Rab1 {[%clk 0:01:14]} Rfc8 {[%clk 0:02:20]} 18. b4
{[%clk 0:01:08]} Nb6 {[%clk 0:02:12]} 19. a4 {[%clk 0:00:52]} Nxa4
{[%clk 0:02:02]} 20. Nxa4 {[%clk 0:00:42]} Rxa4 {[%clk 0:01:54]} 21. Rxc8+
{[%clk 0:00:38]} Qxc8 {[%clk 0:01:53]} 22. b5 {[%clk 0:00:39]} Qb7
{[%clk 0:01:34]} 23. Qc2 {[%clk 0:00:28]} Ra8 {[%clk 0:01:24]} 24. b6
{[%clk 0:00:14]} Ra6 {[%clk 0:01:17]} 25. Qc7 {[%clk 0:00:07]} Rxb6
{[%clk 0:00:42]} 26. Qxb6 {[%clk 0:00:07]} Qxb6 {[%clk 0:00:42]} 27. Rxb6 Nd7 28.
Rb7 {[%clk 0:00:04]} Nc5 {[%clk 0:00:41]} 29. Rxe7 {[%clk 0:00:04]} Kf8
{[%clk 0:00:39]} 30. Ra7 {[%clk 0:00:05]} Nd3 {[%clk 0:00:27]} 31. Kf1
{[%clk 0:00:05]} Ne5 {[%clk 0:00:28]} 32. f4 {[%clk 0:00:05]} Nc4
{[%clk 0:00:29]} 33. Ra8+ {[%clk 0:00:06]} Ke7 {[%clk 0:00:29]} 34. Nc6+
{[%clk 0:00:06]} Kd7 {[%clk 0:00:30]} 35. Nd4 {[%clk 0:00:06]} Nxe3+
{[%clk 0:00:30]} 36. Ke2 {[%clk 0:00:06]} Bxd4 {[%clk 0:00:30]} 37. Ra4
{[%clk 0:00:05]} Bc5 {[%clk 0:00:31]} 38. Ra5 {[%clk 0:00:05]} Nc4
{[%clk 0:00:31]} 39. Ra8 {[%clk 0:00:04]} Ke7 {[%clk 0:00:31]} 40. Rh8
{[%clk 0:00:05]} h5 {[%clk 0:00:32]} 41. Ra8 {[%clk 0:00:05]} Kf6
{[%clk 0:00:32]} 42. Kd3 {[%clk 0:00:05]} Nb6 {[%clk 0:00:28]} 43. Ra5
{[%clk 0:00:06]} Bb4 {[%clk 0:00:27]} 44. Rb5 {[%clk 0:00:06]} Bc5
{[%clk 0:00:28]} 45. e5+ {[%clk 0:00:07]} Ke7 {[%clk 0:00:28]} 46. exd6+
{[%clk 0:00:07]} Kxd6 {[%clk 0:00:28]} 47. Ke4 {[%clk 0:00:06]} f5+
{[%clk 0:00:28]} 48. Kf3 {[%clk 0:00:06]} 1/2-1/2

[Event "C10"]
[Site "?"]
[Date "2020.08.30"]
[Round "13.9"]
[White "Dunda, Szymon"]
[Black "Dobrowolski, Kamil"]
[Result "1-0"]
[BlackElo "1140"]
[WhiteElo "1283"]
[LiveChessVersion "1.4.8"]

1. e4 {[%clk 0:03:03]} c5 {[%clk 0:03:03]} 2. Nf3 {[%clk 0:03:04]} e6
{[%clk 0:03:02]} 3. d4 {[%clk 0:03:05]} cxd4 {[%clk 0:03:03]} 4. Nxd4
{[%clk 0:03:06]} Nf6 {[%clk 0:03:02]} 5. Nc3 {[%clk 0:03:01]} Nc6
{[%clk 0:03:03]} 6. Be3 {[%clk 0:02:58]} Bb4 {[%clk 0:02:57]} 7. Bd3
{[%clk 0:02:55]} O-O {[%clk 0:02:56]} 8. O-O {[%clk 0:02:48]} d5 {[%clk 0:02:24]}
9. exd5 {[%clk 0:02:38]} exd5 {[%clk 0:02:22]} 10. a3 {[%clk 0:02:33]} Bd6
{[%clk 0:02:10]} 11. h3 {[%clk 0:02:19]} a6 {[%clk 0:02:11]} 12. Nxc6
{[%clk 0:02:00]} bxc6 {[%clk 0:02:11]} 13. Ne2 {[%clk 0:01:49]} Be6
{[%clk 0:02:02]} 14. Bf4 {[%clk 0:01:38]} Qc7 {[%clk 0:01:50]} 15. Bxd6
{[%clk 0:01:37]} Qxd6 {[%clk 0:01:51]} 16. Ng3 {[%clk 0:01:36]} Rab8
{[%clk 0:01:40]} 17. b4 {[%clk 0:01:26]} c5 {[%clk 0:01:27]} 18. c3
{[%clk 0:01:03]} c4 {[%clk 0:01:18]} 19. Bc2 {[%clk 0:01:00]} Qd7
{[%clk 0:01:10]} 20. Kh2 {[%clk 0:00:53]} Rfe8 {[%clk 0:01:04]} 21. Nh5
{[%clk 0:00:50]} Nxh5 {[%clk 0:00:57]} 22. Qxh5 {[%clk 0:00:50]} h6
{[%clk 0:00:54]} 23. Qf3 {[%clk 0:00:45]} Rbd8 {[%clk 0:00:41]} 24. Rad1
{[%clk 0:00:42]} Qd6+ {[%clk 0:00:36]} 25. Kg1 {[%clk 0:00:39]} a5
{[%clk 0:00:28]} 26. Ba4 {[%clk 0:00:37]} Re7 {[%clk 0:00:26]} 27. Rd4
{[%clk 0:00:19]} axb4 {[%clk 0:00:25]} 28. axb4 {[%clk 0:00:12]} Ra8
{[%clk 0:00:18]} 29. Bd1 {[%clk 0:00:11]} Ra3 {[%clk 0:00:09]} 30. Re1
{[%clk 0:00:08]} 1-0

[Event "C10"]
[Site "?"]
[Date "2020.08.30"]
[Round "13.10"]
[White "Komendecki, Grzegorz"]
[Black "Jodlowski, Robert"]
[Result "1-0"]
[BlackElo "1269"]
[WhiteElo "1154"]
[LiveChessVersion "1.4.8"]

1. e4 {[%clk 0:03:03]} e6 {[%clk 0:03:01]} 2. d4 {[%clk 0:03:02]} d6
{[%clk 0:03:01]} 3. Bd3 {[%clk 0:02:59]} a6 {[%clk 0:03:00]} 4. Nc3
{[%clk 0:02:59]} Be7 {[%clk 0:03:00]} 5. Nge2 {[%clk 0:02:58]} Nd7
{[%clk 0:03:00]} 6. O-O {[%clk 0:02:56]} c5 {[%clk 0:02:58]} 7. Be3
{[%clk 0:02:40]} b5 {[%clk 0:02:56]} 8. Ng3 {[%clk 0:02:33]} Ngf6
{[%clk 0:02:53]} 9. dxc5 {[%clk 0:02:18]} dxc5 {[%clk 0:02:52]} 10. f3
{[%clk 0:02:11]} Bb7 {[%clk 0:02:50]} 11. Qd2 {[%clk 0:02:00]} Rc8
{[%clk 0:02:44]} 12. Rad1 {[%clk 0:01:59]} O-O {[%clk 0:02:08]} 13. Be2
{[%clk 0:01:31]} Rc6 {[%clk 0:01:41]} 14. Qe1 {[%clk 0:01:15]} b4
{[%clk 0:01:14]} 15. Nb1 {[%clk 0:01:11]} a5 {[%clk 0:00:55]} 16. c3
{[%clk 0:01:04]} Qb8 {[%clk 0:00:47]} 17. Bb5 {[%clk 0:00:48]} Rd6
{[%clk 0:00:37]} 18. Bxd7 {[%clk 0:00:39]} Nxd7 {[%clk 0:00:32]} 19. Qf2
{[%clk 0:00:31]} Nf6 {[%clk 0:00:22]} 20. Bf4 {[%clk 0:00:27]} Rfd8
{[%clk 0:00:16]} 21. Bxd6 {[%clk 0:00:27]} Rxd6 {[%clk 0:00:17]} 22. Rxd6
{[%clk 0:00:27]} Bxd6 {[%clk 0:00:18]} 23. Ne2 {[%clk 0:00:25]} Bxh2+
{[%clk 0:00:18]} 24. Kh1 {[%clk 0:00:27]} Nh5 {[%clk 0:00:18]} 25. Qh4
{[%clk 0:00:23]} Ng3+ {[%clk 0:00:16]} 26. Nxg3 {[%clk 0:00:24]} Bxg3
{[%clk 0:00:17]} 27. Qh3 {[%clk 0:00:25]} Bc8 {[%clk 0:00:16]} 28. cxb4
{[%clk 0:00:21]} cxb4 {[%clk 0:00:16]} 29. Rd1 {[%clk 0:00:19]} h6
{[%clk 0:00:11]} 30. Nd2 {[%clk 0:00:13]} Qc7 {[%clk 0:00:11]} 31. Nf1
{[%clk 0:00:14]} Bd6 {[%clk 0:00:12]} 32. Ne3 Kh7 {[%clk 0:00:08]} 33. Qh5
{[%clk 0:00:10]} Kg8 {[%clk 0:00:05]} 34. Ng4 {[%clk 0:00:10]} Bf4
{[%clk 0:00:03]} 35. Nf2 {[%clk 0:00:10]} Bd6 {[%clk 0:00:04]} 36. Qh3
{[%clk 0:00:09]} e5 {[%clk 0:00:05]} 37. Qh2 {[%clk 0:00:09]} Kh7
{[%clk 0:00:04]} 38. Ng4 {[%clk 0:00:09]} Be7 {[%clk 0:00:03]} 39. Qxe5
{[%clk 0:00:05]} Qxe5 {[%clk 0:00:03]} 40. Nxe5 {[%clk 0:00:06]} Bf6
{[%clk 0:00:04]} 41. Nc6 {[%clk 0:00:07]} Bxb2 {[%clk 0:00:03]} 42. Nxa5
{[%clk 0:00:08]} Bc3 {[%clk 0:00:04]} 43. Nc4 {[%clk 0:00:09]} Be6
{[%clk 0:00:03]} 44. Nd6 {[%clk 0:00:10]} Bxa2 {[%clk 0:00:04]} 45. Rc1
{[%clk 0:00:10]} Be5 {[%clk 0:00:04]} 46. Nb5 {[%clk 0:00:11]} b3
{[%clk 0:00:05]} 47. Na3 {[%clk 0:00:08]} b2 {[%clk 0:00:06]} 48. Rc5
{[%clk 0:00:09]} b1=Q+ {[%clk 0:00:06]} 49. Nxb1 {[%clk 0:00:09]} Bxb1
{[%clk 0:00:07]} 50. Rxe5 {[%clk 0:00:10]} 1-0